00297nam a22001097a 4500020001800000082001600018245003800034260004200072700002500114700002600139700002200165 a9788126542345 a664bCHR/HI aHigh Pressure Processing of Foods aNew DelhibBlackwell Publishingc2013 aDoona, Christopher.J aFeeherry, Florence .E aDunne, C. Patrick